000 00463nam a2200181Ia 4500
008 180207s9999 xx 000 0 und d
020 _a9789814729772
050 _bB988 2016
100 _aButterfield, Moira
245 _aEverybody feels… sad! /
245 _cby Moira Butterfield and Holly Sterling.
260 _aNew York :
260 _bScholastic,
260 _c2016
300 _a24 pages :
300 _bcolor illustrations ;
300 _c25cm.
999 _c355843
_d355843